[Event "Ottawa Winter Open"]
[Site "Ottawa"]
[Date "2016.01.08"]
[Round "1"]
[White "Sambuev, Bator"]
[Black "Yao, Sammy"]
[Result "1-0"]
[WhiteElo "2599"]
[BlackElo "2083"]
[Annotator "John Upper"]
[PlyCount "91"]
[EventDate "2016.??.??"]
[EventType "swiss"]
[EventCountry "CAN"]
[SourceTitle "Chess Canada Tactiosauru"]
[Source "CFC/John Upper"]
[SourceDate "2023.03.11"]
[SourceVersion "1"]
[SourceVersionDate "2023.03.11"]
[SourceQuality "1"]

{[%evp 0,91,24,8,46,43,44,34,37,52,58,37,49,26,27,-5,20,-3,-3,-3,7,0,15,-2,-2,
-3,-3,-4,54,35,41,66,58,82,137,146,149,163,157,153,172,150,170,152,165,112,133,
116,110,108,108,120,157,159,159,152,109,130,143,155,113,58,44,5,151,164,185,
191,188,167,198,189,200,192,208,208,195,200,209,223,262,278,273,257,268,262,
264,363,330,403,372,423,439,462]} 1. e4 c5 2. Nf3 e6 3. d4 cxd4 4. Nxd4 a6 5.
f4 b5 6. Bd3 Bb7 7. Qe2 Nf6 8. Nd2 Nc6 9. Nxc6 Bxc6 10. Nf3 Bc5 11. Be3 Qb6 12.
Bxc5 Qxc5 13. O-O-O Qb4 14. Rhe1 d5 15. c3 Qa4 16. Nd4 Bd7 17. e5 Ne4 18. Bxe4
dxe4 19. Kb1 Rc8 20. Nb3 Qc4 21. Qg4 g6 22. Qh4 Qc7 23. Nd2 Bc6 24. Nxe4 Bxe4+
25. Rxe4 Qc6 26. Red4 O-O 27. Qg5 $6 {White is up a pawn and continues to play
for the attack, but Black's counterplay is fast and White's Q is now misplaced.
Better was Qf2.} a5 28. h4 b4 29. c4 h5 30. g4 {[%mdl 34880] Critical Position
Diagram [#]White has an extra pawn, control of the only open file and a
kingside initiative. Is Black just lost?} Qf3 $8 {The only move: defending h5 
(of course) but also (amazingly) creating enough counterplay to equalize.} (
30... hxg4 $2 31. h5 {and White has a winning attack.}) (30... Qg2 $2 {pins
the g-pawn, but White tears open the kingside without it:} 31. f5 $1 exf5 32.
e6 $1 $18 Kg7 (32... Kh7 33. Qf6 $1 $18 {and e7 wins.}) 33. e7 Rfe8 34. gxf5
Qxg5 35. hxg5 {FWIW: if White's K was on c1 this position would be =/+, but
the difference between Kc1 and Kb1 is +9.} gxf5 (35... Rxe7 36. f6+ $18) 36.
Rd8 $18) 31. gxh5 (31. f5 $5 exf5 32. gxh5 Rxc4 $1 {is similar to the next
note.}) 31... Qxh5 $2 {The Rook ending is hopeless, and Black had a miracle
save with:} (31... Rxc4 $8 {Wins back the pawn and exposes White's King, whose
pawn cover is as useless as Black's.} 32. hxg6 (32. Rxc4 Qxd1+ 33. Rc1 Qxh5 $11
) (32. h6 $4 Rxd4 $8 33. Rxd4 Kh7 $1 $19 {e.g.} 34. Qe7 Qf1+ 35. Kc2 Rc8+ $19)
32... Rxd4 $8 33. gxf7+ Kh7 $8 (33... Kxf7 $4 34. Qf6+ Ke8 35. Qxe6+ $8 $18)
34. Rxd4 Qf1+ 35. Kc2 Rc8+ 36. Kd2 $8 (36. Kb3 Qf3+ $19 {and ...Qc6+.}) 36...
Qf2+ $11 {with a perpetual.}) 32. Qxh5 $1 gxh5 {[#]} 33. Rg1+ $1 {Good
technique. This will force Black to either leave his king cut off on the
h-file, or (better?) exchange a pair of Rooks, when White's centralized king
and extra pawn give him a straightforward win.} Kh7 34. Kc2 Rg8 35. Rxg8 Kxg8
36. Kd3 $18 Kg7 37. Rd7 Kg6 38. Kd4 a4 39. c5 b3 40. axb3 axb3 41. Kc4 f6 42.
Rd6 $1 Kf5 43. exf6 Kxf6 44. c6 Kf5 45. Kc5 Kxf4 46. Rxe6 1-0

[Event "Mauricie op U2000"]
[Site "Trois-Rivieres"]
[Date "2016.03.19"]
[Round "2"]
[White "Marcone, Malcom"]
[Black "Saha, Ananda"]
[Result "0-1"]
[WhiteElo "1846"]
[BlackElo "1941"]
[Annotator "John Upper"]
[PlyCount "52"]
[EventDate "2016.03.18"]
[EventType "swiss"]
[EventRounds "5"]
[EventCountry "CAN"]
[SourceTitle "Chess Canada Tactiosauru"]
[Source "CFC/John Upper"]
[SourceDate "2023.03.11"]
[SourceVersion "1"]
[SourceVersionDate "2023.03.11"]
[SourceQuality "1"]

{[%evp 0,52,24,26,20,3,6,6,6,-33,14,14,5,2,33,30,31,32,31,16,21,20,20,33,33,-3,
-6,-11,-9,-8,-8,0,0,-19,-10,-23,-4,-53,-56,-54,-37,-28,-27,-75,-62,-105,-85,
-219,-59,-152,-148,-339,-317,-29995,-29996]} 1. d4 d5 2. c4 e6 3. Nf3 Nf6 4. g3
Be7 5. Bg2 O-O 6. O-O b6 7. cxd5 exd5 8. Nc3 Bb7 9. Qb3 Nbd7 10. Nh4 Re8 11.
Nf5 Nf8 12. Bg5 c6 13. e3 Ne6 14. Nxe7+ Qxe7 15. Bxf6 Qxf6 16. a4 Ng5 17. Qd1
Bc8 18. h4 Nh3+ 19. Bxh3 Bxh3 20. Re1 Qf5 21. Ne2 Bg4 22. Qd2 Bf3 23. Nf4 Re4
24. Kh2 {[%mdl 32960] [#]Critical Position White's kingside is porus, can
Black exploit it?} g5 $1 {Forcing open the g or h-file and the attack crashes
through. FWIW, White's kingside is so compromised that Black could "waste" a
move with ...Rae8 first, before prying open the kingside.} (24... Rxf4 $4 25.
exf4 $8 $18 {keeping the h-file closed.}) 25. hxg5 (25. Nh3 gxh4 26. Rg1 Kh8
$17) 25... Qxg5 (25... Rxf4 $1 {also works, bringing the Q to the h-file via
g4.}) 26. Nh3 Rh4 $3 {...Qh5 also wins, but this is both prettier and more
efficient. There's no defence to ...Rxh3 and mate on the h-file.} 0-1

[Event "Grand Pacific Open 10th"]
[Site "Victoria"]
[Date "2016.03.27"]
[Round "5.1"]
[White "Fier, Alexandr"]
[Black "Cao, Jason"]
[Result "1/2-1/2"]
[WhiteElo "2620"]
[BlackElo "2367"]
[Annotator "John Upper"]
[PlyCount "82"]
[EventDate "2016.03.??"]
[EventType "swiss"]
[EventRounds "6"]
[EventCountry "CAN"]
[SourceTitle "Chess Canada Tactiosauru"]
[Source "CFC/John Upper"]
[SourceDate "2023.03.11"]
[SourceVersion "1"]
[SourceVersionDate "2023.03.11"]
[SourceQuality "1"]

{[%evp 0,82,19,38,40,41,41,40,25,21,45,42,74,81,79,51,52,60,48,24,24,30,49,24,
25,9,3,16,28,-4,2,-24,-12,7,5,14,8,7,0,6,10,-36,-63,50,46,20,116,6,6,-29,0,64,
0,0,0,-5,57,61,62,0,0,0,49,0,0,0,0,0,0,0,0,0,0,0,0,0,0,0,0,0,0,0,0,0,0]} 1. e4
c5 2. Nf3 e6 3. d4 cxd4 4. Nxd4 Nc6 5. Nc3 Qc7 6. Be3 a6 7. Be2 Nf6 8. O-O Bb4
9. Na4 O-O 10. Nxc6 bxc6 11. c4 Be7 12. Bd3 c5 13. f4 d6 14. Qf3 Bb7 15. Nc3
Nd7 16. Qh3 Rfe8 17. e5 g6 18. exd6 Qxd6 19. Rad1 Qc7 {[#] Critical Position
What happens if 20.f5 exf5 21.Bxf5?} 20. f5 $5 exf5 {[%mdl 32832]} 21. Bxf5 $5
{Objectively bad, but challenging to refute... and (as we'll see) challenging
to follow up accurately too!} Nf6 $2 {Black has to do something about the
triple attack on d7.} ({If Black is going to decline, then} 21... Nf8 $142 {
puts the N on a safer square, though White is a bit better after} 22. Be4 Bxe4
23. Nxe4 $14) ({Black's best is to accept. Of course, defending this OTB is no
picnic, but that's life when you play the Sicilian and White sacs.} 21... gxf5
$8 $19 22. Rxf5 {[#] Threatening Rxd7 then Rg5+} Nf8 $8 (22... Bf6 23. Bf4 $8 (
23. Rxd7 $2 Qxd7 24. Rg5+ Bxg5 25. Qxd7 Bxe3+ $19) 23... Qb6 $8 (23... Qc6 $2
24. Rxd7 Qxd7 $140 25. Rg5+ Bxg5 26. Qxd7 Bxf4 27. Qg4+ $1 $16 {with equal
material, but Black's K is exposed and his pawns are all isolated.}) 24. Rxd7
Re1+ $8 {forcing the K onto f2 for counterplay with ...Qxb2 and so an exchange
sac on f6 would leave the Bf4 pinned on the f-file.} 25. Kf2 Re6 $13) 23. Rdf1
Bc8 24. Nd5 $1 Qd6 $8 (24... Bxf5 $2 25. Qxf5 Qd6 $8 26. Qxf7+ $14) 25. Nxe7+
Rxe7 26. Rg5+ Ng6 27. Qf3 Bb7 28. Qf2 $17 {White gets a second pawn (c5) for
the piece and Black's remaining pawns are all isolated, but when Black's Ra8
gets to a center file it should be clearly better for Black.}) 22. Bf4 $2 {
Both players go wrong in the complications.} (22. Bd7 $8 $18 {[#] Analysis
Diagram leads to complications where White's play on the f-file cashes in.
Note: there are various improvements in White's attack in the following
variations, but I have simplified them by choosing the thematic Rxf7 lines.}
Red8 (22... Nxd7 23. Rxd7 Qc8 24. Rxf7 $1 (24. Bg5 $1 {also wins.}) 24... Kxf7
25. Qxh7+ Ke6 26. Rd1 $1 $18 {White is down a R but Black's K is going home in
a box.}) (22... Bc8 23. Rxf6 $1 Bxf6 24. Nd5 Qd6 25. Qf3 $8 $18 {unpinning
both the Bd7 and protecting the Rd1 leaves Black hanging the Re8 and Qd6 (to
Nxf6+).}) 23. Bf4 $8 Qb6 (23... Qa5 24. Be5 $18) 24. Na4 $8 Qb4 25. Be5 Nxd7 (
25... Kg7 26. Qh4 $18) (25... Ne4 26. Rxf7 $1 $18 {again.}) 26. Rxd7 Qxa4 27.
Rxf7 $3 $18) 22... Qb6 $1 $11 23. Be5 (23. Bd7 {doesn't win now because the
Bf4 blocks the f-file, so there's no Rxf7,} Nxd7 $8 24. Rxd7 Bc8 (24... Bc6 $11
) 25. Nd5 $8 Bxd7 $11) 23... Rad8 (23... gxf5 $2 24. Qxf5 $18) 24. Rde1 Rd2 $1
25. Ne4 Nxe4 26. Bxe4 Bxe4 27. Rxe4 {[#]} Red8 (27... Qb7 $5 28. Bc3 (28. Qe3
$6 Rxg2+ $1) 28... Qxe4 29. Bxd2 Bf8 $15) 28. Bc3 R2d3 $8 (28... R2d7 $2 29.
Rxf7 $8 $18) 29. Qxd3 $5 Rxd3 30. Rxe7 f5 (30... Rxc3 31. bxc3 Qb2 32. Rfxf7
Qxc3 $11) 31. Rfe1 $11 Qd6 32. R7e6 Qd7 33. Re8+ Kf7 34. Rh8 Qa4 35. Rxh7+ Kf8
36. Kf2 Rd1 37. b3 Qxa2+ 38. Re2 Qb1 39. Rh8+ Kf7 40. Rh7+ Kf8 41. Rh8+ Kf7
1/2-1/2

[Event "McGill Open"]
[Site "Montreal"]
[Date "2016.05.01"]
[Round "5.1"]
[White "Yu, Zong Yang"]
[Black "Hirschberg, Valerian"]
[Result "1-0"]
[WhiteElo "2342"]
[BlackElo "2317"]
[Annotator "Keith MacKinnon"]
[PlyCount "49"]
[EventDate "2016.04.28"]
[EventType "swiss"]
[EventRounds "5"]
[EventCountry "CAN"]
[SourceTitle "Chess Canada Tactiosauru"]
[Source "CFC/John Upper"]
[SourceDate "2023.03.11"]
[SourceVersion "1"]
[SourceVersionDate "2023.03.11"]
[SourceQuality "1"]

{[%evp 0,49,33,17,44,29,24,9,87,87,71,80,71,54,60,74,73,70,70,47,45,34,31,39,
43,59,52,58,112,123,123,144,153,170,170,117,121,114,246,260,327,108,121,156,
162,281,313,307,285,297,298,319]} 1. Nf3 c5 2. c4 Nf6 3. Nc3 d5 4. cxd5 Nxd5 5.
e4 Nb4 6. Bc4 Nd3+ 7. Ke2 Nf4+ 8. Kf1 Ne6 9. b4 cxb4 10. Nd5 Nc6 11. Bb2 Nc5 $2
12. Qc2 (12. Be5 $1) 12... e6 13. d4 $16 b3 14. axb3 Nd7 15. Ne3 Be7 16. d5
exd5 17. exd5 Nb4 18. Qe4 Nf6 19. Bxf6 gxf6 20. Rd1 O-O {[%mdl 32832] [#]
Critical Position} 21. d6 $1 {White has more than one way to win, but this is
best: it adds to White's attacking potential by forcing Black's Bishop to d6,
where it will be in trouble once a Knight gets to f5.} (21. Nh4 {does not
quite have the same power due to} Bd6 22. Nhf5 Kh8 {and White is clearly
better, but the win is further off.}) ({Even} 21. h4 $5 {works, threatening
Ng5 to attack h7; e.g.} Bd6 (21... Qd6 22. Ng5 $1 fxg5 23. hxg5 h5 (23... Qg6
24. Qxe7 $18) 24. Rxh5 Qg6 25. Qh4 $18) 22. Nf5 Bxf5 23. Qxf5 $18 {with
threats of Ng5 and/or Rd4.}) 21... Bxd6 22. Nh4 {And again, it is getting a
Knight to f5 that matters.} Qc7 (22... Qe7 {just puts the Q into attack from
Nf5 after} 23. Qf3 $18) 23. Nhf5 Bf4 24. Ne7+ $8 Kh8 25. N7d5 {Winning a full
piece.  An exemplary display by FM Zong Yang Yu who is the deserving champion
of the 2016 McGill Open!} 1-0

[Event "Edmonton 11th"]
[Site "Edmonton"]
[Date "2016.06.19"]
[Round "2.4"]
[White "Haessel, Dale R"]
[Black "Findlay, Ian"]
[Result "1-0"]
[WhiteElo "2234"]
[BlackElo "2257"]
[Annotator "John Upper"]
[PlyCount "51"]
[EventDate "2016.06.18"]
[EventType "tourn"]
[EventRounds "9"]
[EventCountry "CAN"]
[EventCategory "9"]
[SourceTitle "Chess Canada Tactiosauru"]
[Source "CFC/John Upper"]
[SourceDate "2023.03.11"]
[SourceVersion "1"]
[SourceVersionDate "2023.03.11"]
[SourceQuality "1"]

{[%evp 0,51,32,33,29,0,0,6,6,6,23,17,27,33,33,16,19,-9,-9,-37,-37,-37,-48,-41,
-51,-47,-42,-51,-51,-74,-74,-119,-126,-126,-126,-347,-181,-148,-82,-179,-179,
-179,-120,-282,-282,-530,-340,-561,29995,29996,29997,29998,29999,-30000]} 1. d4
Nf6 2. c4 e6 3. Nf3 d5 4. Nc3 Bb4 5. Bg5 h6 6. Bxf6 Qxf6 7. Qb3 Nc6 8. cxd5
Nxd4 $1 9. Nxd4 Qxd4 $15 10. Rd1 Bxc3+ 11. bxc3 Qb6 12. e3 exd5 13. Qxd5 Be6
14. Qe4 Qa5 15. Bd3 Qxc3+ 16. Ke2 O-O-O $19 17. Rb1 {[%mdl 32832] [#] Critical
Position} Bd5 $6 {Defends b7 and keeps a big advantage, but a big miss
nevertheless, and maybe a sign that Black was not calculating well that day.} (
17... Rxd3 $142 $19 {is just winning} 18. Qxb7+ (18. Qxd3 Bc4 $19) (18. Rhc1
Rd2+ 19. Kf1 Qd3+ $19) 18... Kd8 19. Qb8+ (19. Rhd1 {is nothing} Rxd1 (19...
Bc4 $1) (19... Qc2+ 20. Ke1) 20. Rxd1+ Ke7 $19) 19... Ke7 $1 (19... Bc8 {
keeps the material and also wins, e.g.} 20. Rhc1 Rd2+ 21. Kf1 Rc2 $19) 20. Qxh8
Rd2+ 21. Kf1 (21. Kf3 Qf6+ 22. Kg3 Qxf2#) 21... Qd3+ 22. Kg1 Rd1+ {mate next.})
18. Qf4 {Threatening Rhc1, skewering the Q and c7.} Qf6 19. Bf5+ Kb8 20. Rhc1
Qd6 21. Qa4 Bxg2 $1 (21... b6 {is good too, but this wins a pawn and threatens
mate on d2.}) 22. Rc2 Rhe8 23. f3 {[#]Is White trapping the Bg2?} Qxh2 $4 {
Missing White's only good move...} ({The B isn't trapped, and Black can even
"give it up" with} 23... Bh3 $1 24. Bxh3 $140 Qxh2+ $19) (23... g6 24. Be4 b6
$8 $19) (23... b6 24. Kf2 Qxh2 $19) 24. Rxb7+ $8 $18 {forcing mate.} Kxb7 25.
Qc6+ Kb8 26. Rb2# 1-0

[Event "Edmonton 11th"]
[Site "Edmonton"]
[Date "2016.06.22"]
[Round "5"]
[White "Sethuraman, SP."]
[Black "Shirov, Alexei"]
[Result "1-0"]
[WhiteElo "2653"]
[BlackElo "2682"]
[Annotator "John Upper"]
[PlyCount "43"]
[EventDate "2016.06.18"]
[EventType "tourn"]
[EventRounds "9"]
[EventCountry "CAN"]
[EventCategory "9"]
[SourceTitle "Chess Canada Tactiosauru"]
[Source "CFC/John Upper"]
[SourceDate "2023.03.11"]
[SourceVersion "1"]
[SourceVersionDate "2023.03.11"]
[SourceQuality "1"]

{[%evp 0,43,27,30,13,4,24,26,31,25,46,40,55,44,42,44,21,25,24,-13,50,25,59,-5,
46,25,186,150,216,55,78,109,107,89,109,40,23,19,58,76,99,87,146,110,263,259]} 
1. d4 d5 2. c4 c6 3. Nc3 Nf6 4. e3 e6 5. Nf3 Nbd7 6. Bd3 dxc4 7. Bxc4 b5 8. Bd3
Bb7 9. a3 Bd6 10. O-O O-O 11. Qc2 Rc8 12. b4 c5 13. bxc5 Bxf3 14. cxd6 Nd5 15.
gxf3 Qg5+ 16. Kh1 Qh5 17. Be2 Nxc3 18. Rg1 Nf6 19. Bb2 Na4 20. Qd2 {[%mdl
32832] [#]Critical Position Can Black win the d6-pawn with ...Rfd8xd6, or does
that maneuver lose a piece to e4-e5?} Rfd8 (20... Rc6 $4 21. d5 $18 {with a
double attack on Rd6 and the undefended Nf6.}) 21. e4 Rxd6 22. e5 $1 {Black
resigned, becuase this does win a piece!} (22. e5 {The point, which Shirov
only now noticed, is that after the move he had counted on} Qxe5 $1 {White has
the even more startling} 23. Qh6 $3 $18 {which unpins the d-pawn and threatens
mate.}) 1-0

[Event "2016 Canadian Senior Ch. 65"]
[Site "Victoria"]
[Date "2016.06.24"]
[Round "2"]
[White "Pantazi, Emanuel"]
[Black "Piasetski, Leon"]
[Result "0-1"]
[WhiteElo "1816"]
[BlackElo "2380"]
[Annotator "Leon Piasetski"]
[PlyCount "78"]
[EventDate "2016.??.??"]
[EventCountry "CAN"]
[SourceTitle "Chess Canada Tactiosauru"]
[Source "CFC/John Upper"]
[SourceDate "2023.03.11"]
[SourceVersion "1"]
[SourceVersionDate "2023.03.11"]
[SourceQuality "1"]

{[%evp 0,78,37,23,91,-2,3,-10,16,10,6,-60,-59,-35,-31,-38,-49,-46,-54,-79,-85,
-99,-84,-84,-81,-78,-79,-87,14,-13,-30,0,0,0,24,19,28,21,123,7,6,0,5,4,-25,-16,
0,1,41,30,40,-60,-45,-59,-59,-77,-74,-74,-86,-92,-94,-105,-81,-638,-135,-135,
-120,-140,-119,-182,-208,-339,-413,-418,-283,-307,-290,-320,-300,-1201,-1417]} 
1. e4 g6 2. f4 d5 3. e5 c5 4. Nf3 Nc6 5. c4 d4 6. d3 Bg7 7. Be2 Nh6 8. O-O O-O
9. Ng5 f6 10. exf6 exf6 11. Ne4 Qe7 12. Bf3 Nf5 13. Re1 Ne3 14. Bxe3 dxe3 15.
Nbc3 f5 16. Nd5 Qd8 17. Nec3 Nd4 18. Rxe3 {[%mdl 33344] [#]Critical Position 
Should Black take on f3?} Nxf3+ $2 {ed - this just trades Black's well-placed
N. ...Bd7 or ...Kh8 are better.} (18... Bd7) 19. Rxf3 $2 {Here White missed a
powerful exchange sac. In fact, Black must avoid the sac and remain a pawn
down with the worse position ...} (19. Qxf3 $3 Bd4 $2 (19... Bd7 $142 20. Ne7+
Kh8 21. Kh1 Qb6 22. Rae1 $16) 20. Nb5 Bxe3+ 21. Qxe3 a6 (21... b6 $2 22. Qe5
Rf7 23. Nd6 $18) 22. Nbc7 $18 {Of course, I was blissfully unaware of these
possibilities and still thought I was better! Perhaps fatigue is good for
confidence :-)}) 19... Be6 20. Qd2 $5 (20. Qb3 $5) 20... Qd7 21. Re1 Rae8 22.
Kh1 $6 {Diagram [#]} (22. b3 $142 $11) 22... Bd4 {Here I could have exchanged
all the minor pieces to win back a pawn, but wanted to maintain the pressure.
Another interesting option was ...b5.} (22... Bxc3 23. bxc3 (23. Nxc3 $2 Bxc4)
23... Bxd5 24. cxd5 Qxd5) 23. b3 Qg7 $6 (23... b5) 24. Rff1 Bf7 $6 (24... Qd7
$1) 25. Ne7+ $2 {Weird play by both sides! My last two moves anticipated
wholesale rook exchanges on the e-file, but instead White gave up two knights
for a rook and pawn plus control of the 7th rank.} (25. h3 a6 {is better for
White but the two bishops offer good chances to resist.}) 25... Rxe7 26. Rxe7
Bxc3 27. Qe2 $2 (27. Qe3 $142 b6 28. Rxa7 Ba5 $15) 27... Qf6 $1 $17 28. Rxb7
Re8 29. Qf3 Qa6 $1 {Diagram [#]} 30. a4 (30. Rc7 Qxa2 $19 31. Rxc5 (31. Qb7 Qf2
32. Qf3 $8 $19) 31... Qxb3 32. Rb5 Bb4 33. Rb7 a5 34. Ra7 Bd2 $19) 30... Bd4
31. h4 $2 $19 {White must have been dreaming of attacking motifs but instead
unnecessarily weakens his kingside.} Qf6 $2 ({Much stronger was the immediate} 
31... Re3 $1 32. Rb8+ Kg7 33. Qa8 Qf6 {and White gets mated before he can play
Rh8, Qf8.}) 32. g3 Re3 33. Qg2 Be8 34. Rb8 Kg7 35. Rb7+ Kh6 36. Rc7 Re6 $1 37.
Kh2 Bc6 38. Qd2 Qd8 39. Rxa7 Qe8 {I handled the final phase of the game
reasonably well for a sleepwalker :-)} 0-1

[Event "Edmonton 11th"]
[Site "Edmonton"]
[Date "2016.06.24"]
[Round "7"]
[White "Ganguly, Surya Shekhar"]
[Black "Wang, Richard"]
[Result "1-0"]
[WhiteElo "2654"]
[BlackElo "2341"]
[Annotator "John Upper"]
[PlyCount "49"]
[EventDate "2016.06.18"]
[EventType "tourn"]
[EventRounds "9"]
[EventCountry "CAN"]
[EventCategory "9"]
[SourceTitle "Chess Canada Tactiosauru"]
[Source "CFC/John Upper"]
[SourceDate "2023.03.11"]
[SourceVersion "1"]
[SourceVersionDate "2023.03.11"]
[SourceQuality "1"]

{[%evp 0,49,26,23,32,48,75,58,58,29,27,24,84,63,50,31,33,28,25,28,53,38,55,54,
53,53,60,59,41,19,40,33,47,19,27,56,68,72,80,82,74,74,51,71,122,31,156,0,0,101,
553,551]} 1. e4 c5 2. Nf3 d6 3. d4 cxd4 4. Nxd4 Nf6 5. Nc3 g6 6. Be3 Bg7 7. f3
Nc6 8. Qd2 O-O 9. O-O-O d5 10. Qe1 e5 11. Nxc6 bxc6 12. exd5 cxd5 13. Bg5 Be6
14. Bc4 Qc7 15. Bxd5 Nxd5 16. Nxd5 Bxd5 17. Rxd5 Rab8 18. b3 Rfc8 19. c4 $6 Qb7
20. Qe4 Qb4 21. Kd1 f5 22. Qe1 $2 (22. Qd3 $142 $18) 22... Qa3 $2 (22... Rxc4
$3 $14) 23. Rd7 $4 {[%mdl 32832] [#] Critical Position No the Kd1 and Qe1 are
not typos.} (23. Qd2 $8 $18) 23... h6 $2 ({In his notes to the game for
ChessBase, Ganguly says he'd seen the following lines:} 23... Qb2 $2 24. Qd2
Qb1+ 25. Ke2 $8 Qxh1 26. Rxg7+ $8 Kxg7 27. Qd7+ Kg8 28. Qe6+ Kg7 29. Qxe5+ Kf7
30. Qe7+ Kg8 31. Qe6+ Kg7 32. Bf6+ Kh6 33. Qe3+ Kh5 34. Qg5#) (23... Qxa2 $8
24. Rxg7+ $8 Kf8 $8 $11 {[#] White has promising-looking continuations, but
has to settle for a draw.} (24... Kh8 25. Bf6 $18) 25. Bh6 $4 (25. Be7+ $1 Kxg7
26. Qxe5+ Kf7 27. Qf6+ Ke8 28. Qh8+ $1 {with a perpetual.}) (25. Qxe5 $4 Qxb3+
26. Ke1 Qb1+ 27. Kf2 Qb2+ $19 {forces off the Qs with a check and so wins the
Rg7 and the game.}) (25. Rxh7 {also draws after} Rd8+ {or ...Qxb3+.}) 25...
Qxb3+ $8 (25... Rd8+ $4 26. Rd7+ $18) 26. Ke2 Qxc4+ $8 27. Kf2 Qh4+ $8 $19) 24.
Qd2 $8 $18 {Suddenly White has a crushing attack.} Rb6 $2 ({If Black takes the
B then White can push his h-pawn to overload the defence:} 24... hxg5 25. Qd5+
Kh7 26. h4 g4 (26... Kh6 27. hxg5+ Kxg5 28. Qd2+ Kf6 29. Rd6+ Kf7 30. Qd5+ $18)
27. h5 $1 Kh6 (27... g5 28. h6 $18) 28. Qf7 $18) 25. Rxg7+ $1 1-0